[Event "Open Qualificatif Marseille"]
[Site "?"]
[Date "2006.04.08"]
[Round "7.8"]
[White "Mercier, Matthieu"]
[Black "Khalifa, Alexandre"]
[Result "0-1"]
[WhiteElo "1420"]
[BlackElo "1690"]
[PlyCount "118"]
[EventDate "2006.05.03"]
[SourceDate "2005.12.02"]

1. Nf3 d5 2. g3 Nf6 3. Bg2 Nc6 4. O-O e5 5. d3 Bf5 6. Nbd2 Be7 7. h3 h5 8. Ng5
Nh7 9. e4 Nxg5 10. exf5 Qd7 11. h4 Nh7 12. Qxh5 Bf6 13. Qf3 O-O-O 14. Nb3 g5
15. h5 Rhg8 16. g4 Rge8 17. c4 dxc4 18. dxc4 e4 19. Qe2 Be5 20. Nc5 Qd4 21.
Nxe4 Nf6 22. Be3 Qxb2 23. Qxb2 Bxb2 24. Rab1 Nxe4 25. Rxb2 Kb8 26. Bxe4 Rxe4
27. Bxg5 Rxg4+ 28. Kh2 Rxg5 29. f6 Rxh5+ 30. Kg3 Rh6 31. Re1 Rxf6 32. f4 a6 33.
Rbb1 Rd3+ 34. Kg2 Na5 35. c5 Rxf4 36. c6 b6 37. Rbc1 Nc4 38. Re2 Rd2 39. Rxd2
Nxd2 40. Rd1 Rd4 41. Re1 Rd8 42. Re7 Rf8 43. Rd7 Nc4 44. Rd4 Ne5 45. Kg3 Nxc6
46. Kf4 Nxd4 47. Ke4 Ne6 48. Kf5 f6 49. Kxe6 f5 50. Ke7 Rc8 51. Ke6 f4 52. Ke5
f3 53. Kd4 f2 54. Kc3 f1=Q 55. Kd4 Rd8+ 56. Ke3 Qe1+ 57. Kf3 Rf8+ 58. Kg2 Qe7
59. Kg3 Qg7+ 0-1

[Event "Open Qualificatif Marseille"]
[Site "?"]
[Date "2006.04.08"]
[Round "7.9"]
[White "Thiers, Jean-Jacques"]
[Black "De Albera, Pierre"]
[Result "1-0"]
[WhiteElo "1680"]
[BlackElo "1560"]
[PlyCount "61"]
[EventDate "2006.05.03"]
[SourceDate "2005.12.02"]

1. d4 c6 2. c4 d5 3. Bf4 Nf6 4. e3 Bf5 5. Nc3 e6 6. Nf3 Be7 7. Be2 O-O 8. h3
Nbd7 9. O-O Nb6 10. c5 Nc8 11. b4 a6 12. Ne5 Na7 13. Bd3 Bxd3 14. Qxd3 Nd7 15.
Nf3 Bf6 16. Rab1 b5 17. cxb6 Nxb6 18. Be5 Nc4 {Les Noirs proposent nulle.} 19.
Bxf6 Qxf6 20. Na4 Nb5 21. Nc5 Ra7 22. Rb3 a5 23. a4 Nbd6 24. bxa5 Rc8 25. a6
Qd8 26. Rfb1 Na5 27. Rb4 Raa8 28. Ne5 Rcb8 29. Nb7 Naxb7 30. axb7 Ra6 31. Qxa6
{Les Noirs abandonnent.} 1-0

[Event "Open Qualificatif Marseille"]
[Site "?"]
[Date "2006.04.08"]
[Round "7.10"]
[White "Martinet, Jean-Marie"]
[Black "Velut, Pierre-Marie"]
[Result "*"]
[WhiteElo "1370"]
[BlackElo "1640"]
[PlyCount "89"]
[EventDate "2006.05.03"]
[SourceDate "2005.12.02"]

1. d4 d5 2. Nf3 e6 3. e3 Nf6 4. Bd3 c5 5. c3 Nc6 6. Nbd2 cxd4 7. exd4 Bd6 8.
O-O O-O 9. Re1 a6 10. Ne5 Qe7 11. Ndf3 Ne8 12. Qe2 f5 13. Bf4 Nf6 14. Qd2 Ne4
15. Qe3 Nxe5 16. Nxe5 Qd8 17. f3 Nc5 18. Bg5 Qc7 19. Bc2 Nd7 20. f4 Nc5 21. Qg3
Ne4 22. Bxe4 dxe4 23. Re3 Bxe5 24. fxe5 Bd7 25. h4 Bb5 26. h5 Qf7 27. Bf4 Qxh5
28. Kf2 Qg4 29. Rh1 h6 30. Qh2 Kf7 31. Bxh6 Rh8 32. Qh5+ Qxh5 33. Rxh5 Rxh6 34.
Reh3 Rxh5 35. Rxh5 Kg6 36. Rh3 f4 37. Rh2 Rf8 38. Rh4 Rf5 39. Rg4+ Kf7 40. Rh4
Bc4 41. g4 Rg5 42. a3 Ba2 43. b4 Bd5 44. Rh8 e3+ 45. Ke1 {Probleme de notation.
} *

[Event "Open Qualificatif Marseille"]
[Site "?"]
[Date "2006.04.08"]
[Round "7.11"]
[White "Leadbetter, Peter"]
[Black "Baghafor, Anissa"]
[Result "1-0"]
[WhiteElo "1590"]
[BlackElo "1310"]
[PlyCount "93"]
[EventDate "2006.05.03"]
[SourceDate "2005.12.02"]

1. c4 e5 2. Nc3 Nc6 3. g3 Nf6 4. Bg2 Bc5 5. a3 O-O 6. b4 Be7 7. Nf3 e4 8. Ng5
h6 9. Ngxe4 Nxe4 10. Bxe4 Bf6 11. e3 d6 12. Rb1 Re8 13. Qc2 Kh8 14. Nd5 Bg4 15.
Nxf6 Qxf6 16. Bb2 Qe6 17. f3 Bh3 18. g4 Qe7 19. Ke2 Qh4 20. Rbg1 Rad8 21. Rg3
Ne5 22. Rhg1 c6 23. Qc3 f6 24. d4 Nf7 25. Bg6 Rd7 26. Bxf7 Rxf7 27. Qd3 Rfe7
28. Bc1 h5 29. Qg6 b6 30. Qxh5+ Qxh5 31. gxh5 Be6 32. Kd3 Bf7 33. e4 Bxh5 34.
Rh3 g6 35. Rxg6 Kh7 36. Rxf6 Rd7 37. Rxh5+ Kg7 38. Rfh6 Kg8 39. Rh8+ Kf7 40.
R5h7+ Ke6 41. Rxe8+ Kf6 42. Rxd7 Kg6 43. Rxd6+ $6 (43. Re6+ $142 Kh5 44. Rh7#)
43... Kh5 44. Rg8 a5 45. bxa5 (45. Rh8#) (45. Rh6#) 45... bxa5 46. Rg3 Kh4 47.
Rh6# 1-0

[Event "Open Qualificatif Marseille"]
[Site "?"]
[Date "2006.04.08"]
[Round "7.13"]
[White "Moreau, Lionel"]
[Black "Levisse, Alexandre"]
[Result "0-1"]
[WhiteElo "1380"]
[BlackElo "1600"]
[PlyCount "30"]
[EventDate "2006.05.03"]
[SourceDate "2005.12.02"]

1. b4 e5 2. Bb2 Bxb4 3. Bxe5 Nf6 4. Nf3 O-O 5. e3 Nc6 6. Bb2 d5 7. c4 Bg4 8. h3
Bh5 9. Nc3 d4 10. Nd5 Nxd5 11. cxd5 dxe3 12. g4 exd2+ 13. Nxd2 Qxd5 14. gxh5
Rfe8+ 15. Qe2 Rxe2+ {Les Blancs abandonnent.} 0-1

[Event "Open Qualificatif Marseille"]
[Site "?"]
[Date "2006.04.08"]
[Round "7.15"]
[White "Houzelot, Alice"]
[Black "Gaubil, Melisande"]
[Result "1-0"]
[WhiteElo "1080"]
[BlackElo "1010"]
[PlyCount "79"]
[EventDate "2006.05.03"]
[SourceDate "2005.12.02"]

1. e4 e5 2. Nf3 Nf6 3. Nxe5 Nxe4 4. Qe2 d6 5. Qxe4 dxe5 6. Qxe5+ Be6 7. Bc4 Bd6
8. Qe4 Qd7 9. Bxe6 fxe6 10. Qxb7 Qd8 11. Qxa8 Qc8 12. Qxa7 Nc6 13. Qa4 e5 14.
Qxc6+ Qd7 15. Qxd7+ Kxd7 16. O-O Re8 17. Nc3 e4 18. d3 exd3 19. cxd3 g6 20. Bh6
c5 21. Rfe1 Be5 22. Re2 Kd6 23. Rae1 Re6 24. Bf8+ Kd7 25. Rxe5 Rxe5 26. Rxe5
Kc6 27. Bxc5 h5 28. Rg5 Kb7 29. Rxg6 Kc8 30. Kf1 h4 31. Ke2 Kd7 32. Ke3 Ke8 33.
Rg7 Kd8 34. Kd4 Ke8 35. g3 h3 36. Ke5 Kd8 37. Kd6 Ke8 38. Ke6 Kd8 39. Bb6+ Ke8
40. Rg8# 1-0

[Event "Open Qualificatif Marseille"]
[Site "?"]
[Date "2006.04.08"]
[Round "7.16"]
[White "Beltrando, Jean-Luc"]
[Black "Artus, Robin"]
[Result "1-0"]
[WhiteElo "1450"]
[BlackElo "1340"]
[PlyCount "85"]
[EventDate "2006.05.03"]
[SourceDate "2005.12.02"]

1. c4 e5 2. Nc3 Nc6 3. g3 Nf6 4. Bg2 Bc5 5. Nf3 d5 6. cxd5 Nxd5 7. O-O O-O 8.
Nxe5 Nxe5 9. Nxd5 Be6 10. Nc3 c6 11. d3 Qb6 12. Na4 Qb5 13. Nxc5 Qxc5 14. d4
Qd6 15. dxe5 Qxd1 16. Rxd1 Rfd8 17. Rxd8+ Rxd8 18. Be3 a5 19. b3 b5 20. Bxc6 b4
21. Bb6 Rc8 22. Rd1 f6 23. Rd8+ Rxd8 24. Bxd8 fxe5 25. Bxa5 g5 26. Bxb4 e4 27.
Bxe4 g4 28. Bd3 h5 29. Bc4 Bxc4 30. bxc4 h4 31. a4 hxg3 32. hxg3 Kf7 33. a5 Ke6
34. a6 Ke5 35. a7 Kd4 36. a8=Q Kxc4 37. Qe4+ Kb5 38. Bd2 Ka6 39. Qd5 Ka7 40.
Qb5 Ka8 41. Bf4 (41. Qa6+ $142 Kb8 42. Bf4#) 41... Ka7 42. Be5 Ka8 43. Qb8# 1-0

[Event "Open Qualificatif Marseille"]
[Site "?"]
[Date "2006.04.08"]
[Round "7.17"]
[White "Burmonas, Romain"]
[Black "Plancq, Jacques"]
[Result "1-0"]
[WhiteElo "1420"]
[BlackElo "1290"]
[PlyCount "91"]
[EventDate "2006.05.03"]
[SourceDate "2005.12.02"]

1. e4 d6 2. Nf3 Nf6 3. d3 g6 4. Bg5 Bg7 5. Nc3 Bd7 6. d4 c6 7. Bc4 b5 8. Bd3
Qb6 9. Qe2 Bg4 10. e5 dxe5 11. dxe5 Bxf3 12. Qxf3 Nfd7 13. Nxb5 Nxe5 14. Qe4
Nxd3+ 15. cxd3 Qa5+ 16. b4 Qd8 17. Rc1 O-O 18. Bxe7 Qe8 19. Bxf8 Qxe4+ 20. dxe4
cxb5 21. Bxg7 Kxg7 22. Rc8 Kf6 23. Ke2 Ke7 24. Rhc1 Kd7 25. R1c7+ Ke6 26. Rb7
a5 27. Rcxb8 Ra6 28. Rb6+ Rxb6 29. Rxb6+ Ke7 30. Rxb5 Kf6 31. Kf3 Ke7 32. Kf4
Ke6 33. Re5+ Kf6 34. Rd5 Kg7 35. Kg5 f6+ 36. Kf4 axb4 37. e5 f5 38. Kg5 h6+ 39.
Kf4 Kf7 40. g4 g5+ 41. Kxf5 Ke7 42. Rd6 Kf7 43. e6+ Ke7 44. Rd7+ Ke8 45. Kf6
Kf8 46. Rd8# 1-0

[Event "Open Qualificatif Marseille"]
[Site "?"]
[Date "2006.04.08"]
[Round "7.19"]
[White "Moncomble"]
[Black "Gaubil, Arthur"]
[Result "1-0"]
[WhiteElo "1440"]
[BlackElo "1010"]
[PlyCount "61"]
[EventDate "2006.05.03"]
[SourceDate "2005.12.02"]

1. d4 c6 2. c4 d5 3. Nc3 Bf5 4. Nf3 Nf6 5. Bg5 e6 6. e3 h6 7. Bf4 Bd6 8. Ne5 g5
9. Bg3 Nh5 10. Qxh5 Qb6 11. Qxf7+ Kd8 12. b3 Qc7 13. Qxc7+ Bxc7 14. Nf7+ Ke7
15. Nxh8 Bd6 16. Bxd6+ Kxd6 17. Nf7+ Ke7 18. Nxh6 Bh7 19. cxd5 cxd5 20. Nb5 a6
21. Nc3 Nd7 22. Be2 Rc8 23. Rc1 Nb6 24. O-O Kf6 25. Ng4+ Kg6 26. Bd3+ Kg7 27.
Bxh7 Kxh7 28. e4 Nd7 29. exd5 exd5 30. Nxd5 Kg6 31. Rxc8 {
Les Noirs abandonnent.} 1-0

[Event "Open Qualificatif Marseille"]
[Site "?"]
[Date "2006.04.08"]
[Round "7.20"]
[White "Bouilloux, Alain"]
[Black "Baghafor, Sihem"]
[Result "1/2-1/2"]
[WhiteElo "1320"]
[BlackElo "1430"]
[PlyCount "82"]
[EventDate "2006.05.03"]
[SourceDate "2005.12.02"]

1. e4 e5 2. Nf3 Nc6 3. Bb5 d6 4. Nc3 Be7 5. O-O Nf6 6. a3 Bd7 7. Re1 O-O 8. d4
exd4 9. Nxd4 Nxd4 10. Qxd4 Bxb5 11. Nxb5 c6 12. Nc3 c5 13. Qd3 Nd7 14. Nd5 Ne5
15. Nxe7+ Qxe7 16. Qg3 Qf6 17. Bg5 Qe6 18. f4 Nc6 19. f5 Qe5 20. Bf4 Qd4+ 21.
Kh1 Rfd8 22. c3 Qf6 23. Bg5 Qe5 24. Bf4 Qe7 25. Bh6 f6 26. Rad1 Kh8 27. Bf4 {
Les Blancs proposent nulle.} Ne5 28. b4 cxb4 29. axb4 a5 30. bxa5 Rxa5 31. Rd2
Rc5 32. Be3 Rxc3 33. Rb1 Nc4 34. Re2 Rxe3 35. Rxe3 Nxe3 36. Qxe3 d5 37. Re1 d4
38. Qd3 Qc7 39. Kg1 Qc3 40. Rd1 Qxd3 41. Rxd3 b5 {
Les Blancs acceptent la nulle.} 1/2-1/2

[Event "Open Qualificatif Marseille"]
[Site "?"]
[Date "2006.04.08"]
[Round "7.21"]
[White "De Rougemont, Jean"]
[Black "Rieu, Christine"]
[Result "1-0"]
[WhiteElo "1190"]
[BlackElo "1499"]
[PlyCount "39"]
[EventDate "2006.05.03"]
[SourceDate "2005.12.02"]

1. e4 e5 2. Nf3 Nc6 3. d4 Nf6 4. d5 Na5 5. Bd2 Bd6 6. Bxa5 c5 7. Bxd8 Kxd8 8.
Nc3 c4 9. Bxc4 Re8 10. Nb5 Bc5 11. d6 Nxe4 12. O-O a6 13. Nc7 Ra7 14. Nxe8 Kxe8
15. Qd5 Nf6 16. Qxe5+ Kf8 17. Qe7+ Kg8 18. Qxf7+ Kh8 19. Qf8+ Ng8 20. Qxg8# 1-0

[Event "Open Qualificatif Marseille"]
[Site "?"]
[Date "2006.04.08"]
[Round "7.23"]
[White "Monteil, Marie-Joseph"]
[Black "Guyot, Bernard"]
[Result "1-0"]
[WhiteElo "1320"]
[BlackElo "1290"]
[PlyCount "97"]
[EventDate "2006.05.03"]
[SourceDate "2005.12.02"]

1. e4 e5 2. d4 Bb4+ 3. c3 Bd6 4. d5 Nf6 5. Bd3 b6 6. h3 Ba6 7. Nf3 h6 8. a4
Bxd3 9. Qxd3 a5 10. Be3 Na6 11. O-O Qe7 12. Nbd2 Bc5 13. Nc4 Bxe3 14. fxe3 Nc5
15. Qc2 Nfxe4 16. b4 Ng3 17. bxc5 Nxf1 18. Rxf1 Qxc5 19. Qe4 O-O 20. Nfxe5 Qe7
21. Qd4 Qc5 22. Qd3 Qe7 23. d6 cxd6 24. Qxd6 Qxd6 25. Nxd6 f6 26. Ng6 Rfd8 27.
c4 Kh7 28. Ne7 Rf8 29. e4 g6 30. Nd5 f5 31. exf5 gxf5 32. Rf4 Kg6 33. h4 h5 34.
Ne7+ Kh7 35. Nexf5 Rf6 36. Kf2 Rg6 37. Kf3 Rg4 38. Rxg4 hxg4+ 39. Kxg4 Rg8+ 40.
Kf3 Kg6 41. g4 Kf6 42. Kf4 Ke6 43. g5 Rh8 44. Kg4 Rf8 45. h5 Rxf5 46. Nxf5 Ke5
47. h6 d5 48. cxd5 Kxd5 49. h7 {Les Noirs abnadonnent.} 1-0

[Event "Open Qualificatif Marseille"]
[Site "?"]
[Date "2006.06.03"]
[Round "9"]
[White "Jouet, Philippe"]
[Black "Robe, Pierre"]
[Result "1-0"]
[WhiteElo "1720"]
[BlackElo "1890"]
[PlyCount "55"]
[SourceDate "2005.12.02"]

1. d4 f5 2. Nf3 Nf6 3. b3 g6 4. Bb2 Bg7 5. g3 O-O 6. Bg2 d6 7. O-O Nbd7 8. Nbd2
Qe8 9. Re1 e5 10. dxe5 dxe5 11. e4 f4 12. Nc4 fxg3 13. fxg3 Ng4 14. h3 Nh6 15.
Rf1 Nf7 16. Qe2 b6 17. Rad1 Qe6 18. Qd2 Re8 19. Ng5 Nxg5 20. Qxg5 Ba6 21. Qd2
Bxc4 22. bxc4 Nc5 23. Qd5 Rad8 24. Qxd8 Rxd8 25. Rxd8+ Bf8 26. Rdxf8+ Kg7 27.
R8f7+ Kh6 28. Bc1+ 1-0

[Event "Open Qualificatif Marseille"]
[Site "?"]
[Date "2006.06.03"]
[Round "9"]
[White "Luc, Rene"]
[Black "Munos, Julien"]
[Result "0-1"]
[WhiteElo "1710"]
[BlackElo "1780"]
[PlyCount "80"]
[EventDate "2006.05.03"]
[SourceDate "2005.12.02"]

1. e4 c5 2. Nf3 Nc6 3. d4 cxd4 4. Nxd4 Nf6 5. Nc3 a6 6. Be2 e6 7. Nxc6 bxc6 8.
e5 Nd5 9. Bd2 Bc5 10. Ne4 Qb6 11. Nxc5 Qxc5 12. O-O O-O 13. Re1 f5 14. c4 Ne7
15. Bc3 a5 16. Bd4 Qb4 17. a3 Qb7 18. Bc5 Rf7 19. Bxe7 Rxe7 20. Qd6 Rf7 21.
Reb1 Qb3 22. c5 f4 23. Qd3 Qd5 24. b4 a4 25. Qxd5 exd5 26. Bf3 Ba6 27. Re1 Re7
28. g3 fxg3 29. hxg3 Rae8 30. Bg4 Bc8 31. f4 g5 32. Bd1 gxf4 33. gxf4 Rg7+ 34.
Kf2 Rf8 35. Kf3 Kh8 36. Bxa4 Rgf7 37. Rh1 Rxf4+ 38. Kg3 Rf3+ 39. Kg2 R3f5 40.
Raf1 Rg8+ 0-1

[Event "Open Qualificatif Marseille"]
[Site "?"]
[Date "2006.06.03"]
[Round "9"]
[White "Cheraki, Roger"]
[Black "Khalifa, Alexandre"]
[Result "1/2-1/2"]
[WhiteElo "1670"]
[BlackElo "1610"]
[PlyCount "50"]
[SourceDate "2005.12.02"]

1. d4 e6 2. c4 d5 3. cxd5 exd5 4. Nf3 Bd6 5. Nc3 c6 6. h3 Nf6 7. Bg5 Bf5 8. e3
Nbd7 9. Bd3 Bg6 10. O-O Qc7 11. Bxg6 hxg6 12. Re1 Ne4 13. Qc1 f6 14. Bf4 g5 15.
Bxd6 Qxd6 16. Nh2 Nxf2 17. Qc2 Nxh3+ 18. gxh3 Rxh3 19. Qg6+ Kd8 20. Re2 Qg3+
21. Rg2 Qxe3+ 22. Kf1 Qf4+ 23. Kg1 Qe3+ 24. Kf1 Qf4+ 25. Kg1 Qe3+ 1/2-1/2

[Event "Open Qualificatif Marseille"]
[Site "?"]
[Date "2006.06.03"]
[Round "9"]
[White "Courtois, Jean-Baptiste"]
[Black "Beltrando, Jean-Luc"]
[Result "1-0"]
[WhiteElo "1510"]
[BlackElo "1490"]
[PlyCount "53"]
[SourceDate "2005.12.02"]

1. a3 Nf6 2. b4 e6 3. c4 c5 4. b5 Be7 5. Bb2 O-O 6. d3 d5 7. Nd2 d4 8. g3 a6 9.
a4 h5 10. Nb3 e5 11. Bg2 Bf5 12. Bxb7 Ra7 13. Bg2 e4 14. dxe4 Bxe4 15. Bxe4
Nxe4 16. Nf3 f5 17. O-O f4 18. Qc2 Ng5 19. Nxg5 Bxg5 20. Nxc5 fxg3 21. hxg3
Rxf2 22. Rxf2 Be3 23. Raf1 Qg5 24. Ne4 Qg4 25. Kg2 h4 26. Rf8+ Kh7 27. Nf6+ 1-0

[Event "Open Qualificatif Marseille"]
[Site "?"]
[Date "2006.06.03"]
[Round "9"]
[White "Corrias, Robert"]
[Black "Burmonas, Romain"]
[Result "1-0"]
[WhiteElo "1780"]
[BlackElo "1380"]
[PlyCount "97"]
[EventDate "2006.05.03"]
[SourceDate "2005.12.02"]

1. Nc3 Nf6 2. Nf3 d6 3. d4 g6 4. Bg5 Bg7 5. e4 Nbd7 6. Bc4 O-O 7. Qd2 e5 8.
dxe5 Nxe5 9. Nxe5 dxe5 10. Qxd8 Rxd8 11. Nd5 Rd6 12. Bxf6 Bxf6 13. Nxc7 Rb8 14.
Bb3 Bg5 15. O-O Bg4 16. f3 Bd7 17. Rad1 Rxd1 18. Rxd1 Bc6 19. Kf2 Rc8 20. Nd5
Bb5 21. g3 Kg7 22. h4 Bd8 23. f4 exf4 24. Nxf4 Bb6+ 25. Kf3 Bc6 26. Nd5 Rd8 27.
c3 Bxd5 28. exd5 f6 29. Re1 Kf8 30. Re6 f5 31. g4 fxg4+ 32. Kxg4 Kf7 33. Kg5
Re8 34. Rxe8 Kxe8 35. Bc2 Bd8+ 36. Kg4 Kf7 37. h5 gxh5+ 38. Kxh5 Kg7 39. c4 h6
40. b4 a6 41. a4 Be7 42. c5 Kf8 43. Kxh6 Ke8 44. Kg6 Kd7 45. Bd3 Kc7 46. Kf7
Bd8 47. d6+ Kd7 48. b5 a5 49. Bf5# 1-0

[Event "Open Qualificatif Marseille"]
[Site "?"]
[Date "2006.06.03"]
[Round "9"]
[White "Gomez, Jean-Luc"]
[Black "Munos, Yves"]
[Result "1-0"]
[WhiteElo "1480"]
[BlackElo "1580"]
[PlyCount "35"]
[SourceDate "2005.12.02"]

1. d4 d5 2. Nf3 Nc6 3. e3 Nf6 4. Bd3 e6 5. O-O Be7 6. Nbd2 a6 7. c3 Bd6 8. e4
e5 9. exd5 Nxd5 10. Re1 f6 11. dxe5 Nxe5 12. Nxe5 fxe5 13. Qh5+ Kf8 14. Nf3 Nf4
15. Bxf4 exf4 16. Ng5 Qd7 17. Nxh7+ Kg8 18. Re8+ 1-0

[Event "Open Qualificatif Marseille"]
[Site "?"]
[Date "2006.06.03"]
[Round "9"]
[White "Khalifa, Patrick"]
[Black "Baghafor, Sihem"]
[Result "1-0"]
[WhiteElo "1510"]
[BlackElo "1430"]
[PlyCount "125"]
[EventDate "2006.05.03"]
[SourceDate "2005.12.02"]

1. e4 e5 2. Nf3 Nc6 3. Bc4 Bc5 4. d3 h6 5. Nc3 Nf6 6. a3 d6 7. h3 O-O 8. O-O
Bd7 9. Be3 Bb6 10. Qd2 Be6 11. Nd5 Na5 12. Ba2 Nxd5 13. exd5 Bf5 14. b4 c5 15.
bxa5 Bxa5 16. Qd1 Bc3 17. Rb1 b6 18. Bd2 Bxd2 19. Nxd2 Qg5 20. Ne4 Qg6 21. Ng3
Bd7 22. Qh5 Qf6 23. Ne4 Qe7 24. f4 exf4 25. Rxf4 f6 26. Rbf1 Kh7 27. Qf3 f5 28.
Ng3 g6 29. Qf2 Rae8 30. h4 h5 31. Bb3 b5 32. Ne4 Rg8 33. Ng5+ Kh6 34. Ne6 Qf6
35. Qd2 Kh7 36. Re4 Bxe6 37. dxe6 Qe7 38. Qa5 Rg7 39. Ref4 Rb8 40. Qd2 Rd8 41.
Bd5 Rgg8 42. c4 a6 43. R4f3 Rb8 44. Qg5 Qxg5 45. hxg5 Kg7 46. Re1 Rge8 47. e7
b4 48. Bc6 Kf7 49. Bxe8+ Kxe8 50. Rb1 Kxe7 51. axb4 cxb4 52. d4 a5 53. Re3+ Kd7
54. Rbe1 b3 55. d5 Kc7 56. Re7+ Kb6 57. R7e6 Kc5 58. Rxg6 a4 59. Rg7 b2 60. Rb1
a3 61. Rc7+ Kd4 62. Ra7 Rb3 63. g6 1-0